000 01139cam a2200265 4500
001 agr68000081
003 DLC
005 20260227111029.0
008 690512s1968 dcua b 000 0 eng c
010 _aagr68000081
040 _aU.S. Nat'l Agr. Libr.
_cDLC
_dDLC
050 0 0 _aHD9475.U52
_bA5
070 0 _aA281.9 Ag83E no. 357
082 0 0 _a338.1/0973
110 1 _aUnited States.
_bDepartment of Agriculture.
_bEconomic Research Service.
_bFarm Production Economics Division.
245 1 0 _aStructure of six farm input industries:
_bpetroleum, farm machinery and equipment, fertilizers, chemical pesticides, livestock feeds, farm credit.
260 _a[Washington]
_bU.S. Dept. of Agriculture, Economic Research Service
_c[1968]
300 _aiv, 75 p.
_billus.
_c27 cm.
490 1 _a[United States. Dept. of Agriculture. Economic Research Service] ERS
_v357
500 _aCover title.
504 _aIncludes bibliographies.
650 0 _aFarm supply industries
_zUnited States.
650 3 _aAgricultural industries
_zUnited States.
810 1 0 _a[United States.
_bDepartment of Agriculture.
_bEconomic Research Service]
_tERS
_v357.
999 _c12390
_d12390